000 00610cab a2200193 4500
001 WB2242-31
008 090401t1986 xxu||||| |||| 00| 0 eng d
035 _a(Sirsi) u8359
041 _aeng
245 _aPlanning permission for dome home
260 _c1986
350 _a0
490 _aLocal Government Chronicle
_vno 6226, 17/10/86 p1199
520 _aTandridge District Council has granted planning permission for what is believed to be Europe`s first geodesic dome home in Tatsfield , Surrey.
650 _aNECTAR DOMES
690 _aPLANNING LAW AND PRACTICE
942 _n0
948 _c04/03/1997
999 _c5138
_d5138